00535pam a2200181 a 4500020001500000040000800015082002600023100002700049245002500076250001200101260003300113300003300146500002000179650001600199700002200215856006200237856005400299 a002801099X cDLC00a629 GLE 1995 A038 Or.1 aCrouse, William Harry,10aAutomotive engines / a8th ed. aNew York :bGlencoe,cc1995. avi, 426 p. :bill. ;c28 cm. aIncludes index. 0aAutomobiles1 aAnglin, Donald L.42uhttp://www.loc.gov/catdir/description/mh031/94001806.html41uhttp://www.loc.gov/catdir/toc/mh031/94001806.html